00822nam a2200193 a 450000100100000000500170001000800410002702000180006804000250008608200110011124500690012226000370019130000270022859000280025595201090028395201100039295201090050299900170061100004704420201002053318.0180412s2016 dr a 000 spa d a9789945123715 aDO-SdBNPbspacBNPHU axxxbF 0aFormación integral, humana y religiosa 6 :. :bnivel primario. aSanto Domingo :bSusaeta,c2016. a159 p. :bil ;c29 cm. aInventariado, 2018 / DG 0010718PDaGRbGRcHDd2018-04-12iLF1l0oxxx Fp47044-30r2020-06-25w2020-06-25yLFPDZNo se presta 00107-18PDaPDbPDcOId2018-04-12iLF1l0oxxx Fp47044-10r2020-06-25w2020-06-25yLFPDZNo se presta 0010718PDaPDbPDcHDd2018-04-12iLF1l0oxxx Fp47044-20r2020-06-25w2020-06-25yLFPDZNo se presta c46532d46532